000
00216 a2200109 4500
020
_a
9788426144867
041
_a
spa
100
_a
Hoffman, Mary
245
_a
El gran libro de los amigos
942
_c
BK
952
_7
1
999
_c
25356
_d
25356